SU-HRIDAYAM (SHREE GAURADEV PRAVUR JIBON SARIT) (VOL-I) (Record no. 8965)
[ view plain ]
| 000 -LEADER | |
|---|---|
| fixed length control field | 00441cam a2200169ua 4500 |
| 008 - FIXED-LENGTH DATA ELEMENTS--GENERAL INFORMATION | |
| fixed length control field | 060101n II |||gr||||Z||||||asm |
| 040 ## - CATALOGING SOURCE | |
| Original cataloging agency | MAIN |
| 041 ## - LANGUAGE CODE | |
| -- | English |
| 082 ## - DEWEY DECIMAL CLASSIFICATION NUMBER | |
| Classification number | 920 BRA |
| 100 ## - MAIN ENTRY--PERSONAL NAME | |
| Personal name | BRAHMACHARI,BHUDEV DAS. |
| 245 ## - TITLE STATEMENT | |
| Title | SU-HRIDAYAM (SHREE GAURADEV PRAVUR JIBON SARIT) (VOL-I) |
| 260 ## - PUBLICATION, DISTRIBUTION, ETC. | |
| Place of publication, distribution, etc. | SIBSAGAR: |
| Name of publisher, distributor, etc. | SEUJBAN., |
| Date of publication, distribution, etc. | 2007. |
| 300 ## - PHYSICAL DESCRIPTION | |
| Extent | 46.: |
| Dimensions | 20CM. |
| 942 ## - ADDED ENTRY ELEMENTS (KOHA) | |
| Koha item type | Books |
| 653 ## - INDEX TERM--UNCONTROLLED | |
| Uncontrolled term | Biography, genealogy & insignia |
| Withdrawn status | Lost status | Damaged status | Not for loan | Collection code | Home library | Current library | Shelving location | Date acquired | Full call number | Barcode | Date last seen | Copy number | Price effective from | Koha item type | Public note |
|---|---|---|---|---|---|---|---|---|---|---|---|---|---|---|---|
| REFASM | Central Library and Information Centre Sibsagar Girls College | Central Library and Information Centre Sibsagar Girls College | Religious Books | 01.08.2006 | 920 BRA | 21356 | 27.02.2020 | 1 | 27.02.2020 | Books | V |